Quiz de Noël (expert) - Statistiques

Statistiques générales
  • Ce quiz a été pris 67 fois
    34 depuis la dernière actualisation
  • Le résultat moyen est 5 sur 15
Statistiques - réponses
Question Réponse % Correct
1 Quelle grande multinationale a modernisé le personnage du Père Noël ? Coca Cola
91%
2 Quel personnage est l’ancêtre du Père Noël ? Saint Nicolas
73%
6 Quelle chanteuse américaine explose les ventes chaque année grâce à sa chanson de Noel « All I want for Christmas is you » Mariah Carey
68%
11 Quelle région du monde est identifiée comme le lieu de villégiature du Père Noel ? Laponie
64%
4 En 1986, date de la création de MDP, quel jour de la semaine tombait le jour de Noel ? jeudi
55%
15 ... et combien avez vous trouvé de papillotes rouges au fait ? 25
50%
14 Combien y a t-il de lutin.e.s de Noël dans le sapin MDP ? 20
36%
5 Quel film de Noel américain est connu en québécois sous le titre « réellement l’amour » Love actually
32%
3 Dans le film le père Noel est une ordure, quelle est la spécialité roulée sous les aisselles apportée par Monsieur Preskovic aux membres d’astreinte de SOS amitié ? Kloug
27%
10 En quelle année un ancien salarié de MDP s’est fait séquestrer dans les toilettes, déguisé en Père Noel ? 2021
14%
7 Dans le film « La Reine des Neiges », quel jour est née l’héroïne Elsa ? 21 décembre
9%
9 Combien d’heures (arrondi au supérieur) le père Noël et ses lutins mettent-ils pour faire la tournée de cadeaux, considérant 2,2 milliards d’enfants en 2023, 2 minutes par enfant, et l’embauche de 2 millions de lutins en intérim pour les fêtes ? 37
9%
13 Et en France, dans quel département se situe la commune de Noël ? Doubs
5%
12 D’ailleurs comment dit-on Noël là bas ? Joulu
5%
8 Quel est le plat traditionnel servi lors du repas de Noël en Suède (non ce ne sont pas des boulettes de viande avec une sauce aux airelles et de la purée de pomme de terre)? Julbord
0%
Aucun quiz correspondant
Distribution des résultats
% des personnes avec chaque résultat
Percentile par nombre de réponses
Votre historique - résultats
Vous n’avez pas pris ce quiz depuis la dernière actualisation